Elevaciones sobre Santísima Virgen esposa del Espíritu Santo
I tiakina i:
| Kaituhi matua: | |
|---|---|
| Hōputu: | Pukapuka |
| Reo: | Pāniora |
| I whakaputaina: |
Burgos
Imprenta Aldecoa
1929
|
| Ngā marau: | |
| Ngā Tūtohu: |
Tāpirihia he Tūtohu
Kāore He Tūtohu, Me noho koe te mea tuatahi ki te tūtohu i tēnei pūkete!
|
MARC
| LEADER | 00000cam a2200000 a 4500 | ||
|---|---|---|---|
| 001 | UCD1025 | ||
| 003 | CL-VaPUC | ||
| 008 | 151231e19290000sp |||||||||||||||||spa|d | ||
| 082 | 0 | 4 | |a 248 |b MAR |2 21 |
| 100 | |a Maréchaux, Bernardo |e autor |9 584105 | ||
| 245 | 1 | 0 | |a Elevaciones sobre Santísima Virgen esposa del Espíritu Santo |
| 300 | |a 221 p | ||
| 942 | |c BK | ||
| 945 | |d 20151231 00:35:00 |a gsalatino | ||
| 260 | |a Burgos |b Imprenta Aldecoa |c 1929 | ||
| 600 | 0 | |a Virgen María |9 314204 | |
| 650 | 0 | |a Espiritualidad cristiana |9 537993 | |
| 650 | 0 | |a Vida cristiana |9 258753 | |
| 650 | 7 | |a MEDITACION |2 CL-VaPUC |9 313094 | |
| 583 | |a last modification |c 20151231 00:35:00 |k Rodrigo Vera | ||
| 999 | |c 362455 |d 362453 | ||
| 952 | |0 0 |1 0 |3 erd |4 0 |6 248_000000000000000_MAR_1929 |7 0 |8 P |9 473729 |a BIBTEO |b BIBTES |c TEO_FTES |i 5275512 |o 248 MAR 1929 |p 5275512 |r 2024-01-18 |w 2019-11-24 |y BK |z Catalogado en:20151231 |k ICR | ||